| 000 | 00488nam a2200193Ia 4500 | ||
|---|---|---|---|
| 003 | OSt | ||
| 005 | 20251220091903.0 | ||
| 008 | 250729s2007 xx 000 0 und d | ||
| 040 | _cAL | ||
| 041 | _akan | ||
| 082 | _a020.2 GOKV | ||
| 100 |
_aGovt of Karnataka _9227320 |
||
| 245 | _aವಿಜ್ನಾನ ಭಾಗ-1 , 10th Std | ||
| 260 |
_aಬೆಂಗಳೂರು _c2007 |
||
| 300 | _a154p | ||
| 650 |
_aScience _9227321 |
||
| 700 |
_aRao Digumurthi _9227322 |
||
| 942 |
_2ddc _cBED |
||
| 999 |
_c237611 _d237611 |
||